000 00937nam a2200265 a 4500
005 20150214094216.0
008 140129b xxu||||| |||| 00| 0 spa d
020 _a9789588343167
040 _aCO-BoIAVH
_cCO-BoIAVH
041 _aspa
044 _ack
090 _aIAVH
_b01084
100 _aBernal S., Néstor Ricardo
_95896
245 _aEstado y presión sobre los ecosistemas en las Corporaciones Autónomas Regionales y de Desarrollo Sostenible
_buna tipología para los Andes Colombianos
260 _aBogotá
_bInstituto Alexander von Humboldt
_c2007
300 _a96 p.
490 _aIndicadores de seguimiento y evaluación de la política de biodiversidad
_vNo. 6
700 _aCabrera M., Edersson
_91637
700 _aMorales R., Mónica
_95467
700 _aRincón R., Alexander
_95897
700 _aOrtiz P., Néstor
_95898
700 _aRodríguez E., Nelly
_95899
942 _cImpreso
_2z
945 _d2008-04-04
999 _c6244
_d6244